Language assessment in practice

Bibliographic Details
Main Author: Bachman , Lyle
Other Authors: Palmer, Adrian
Format: Book
Language:English
Published: United Kingdom : Oxford university press , 2010
Series:Oxford applied linguistics
Subjects:

MARC

LEADER 00000cam a2200000 7i4500
001 0000025663
005 20141028.0
008 181014 xxu# eng
020 |a 9780194422932 ,   |c RM89.90 
040 |a INS 
090 0 0 |a P53.4   |b B33 2010 
100 1 |a Bachman , Lyle 
245 1 0 |a Language assessment in practice   |c Lyle Bachman and Adrian Palmer 
260 |a United Kingdom :   |b Oxford university press ,   |c 2010 
300 |a x,510p ;   |c 23cm. 
490 1 |a Oxford applied linguistics 
500 |a Includes bibliographical references (p. 486 - 493) and index 
650 0 |a Language and languages   |x Ability testing 
650 0 |a Language and languages   |x Study and teaching 
700 1 |a Palmer, Adrian 
830 0 |a Oxford applied linguistics 
999 |a 1000001997   |b BOOK   |c Open Shelf   |e Default branch